Energy after Rio : (Record no. 14220)

000 -LEADER
fixed length control field 00886cam a2200217Ia 4500
040 ## - CATALOGING SOURCE
Transcribing agency FUG
082 ## - DEWEY DECIMAL CLASSIFICATION NUMBER
Classification number 362 UNI 1997 A066 Or.
100 1# - MAIN ENTRY--AUTHOR NAME
Personal name Reddy, Amulya K. N
245 10 - TITLE STATEMENT
Title Energy after Rio :
Remainder of title prospects and challenges /
260 ## - PUBLICATION, DISTRIBUTION, ETC. (IMPRINT)
Place of publication New York :
Name of publisher United Nations Development Programme, c1997
300 ## - PHYSICAL DESCRIPTION
Number of Pages xii, 176 p. :
Other physical details ill. (some col.), maps ;
Dimensions 28 cm
500 ## - GENERAL NOTE
General note "United Nations Development Programme in collaboration with International Energy Initiative and Energy 21 Stockholm Environment Institute and in consultation with Secretariat of the United Nations Commission on Sustainable Development."
650 #0 - SUBJECT ADDED ENTRY--TOPICAL TERM
Topical Term Energy industries
650 #0 - SUBJECT ADDED ENTRY--TOPICAL TERM
Topical Term Sustainable development
650 #0 - SUBJECT ADDED ENTRY--TOPICAL TERM
Topical Term Energy industries
650 #0 - SUBJECT ADDED ENTRY--TOPICAL TERM
Topical Term Power resources
700 1# - ADDED ENTRY--PERSONAL NAME
Personal name Williams, Robert H.,
700 1# - ADDED ENTRY--PERSONAL NAME
Personal name Johansson, Thomas B.,
710 2# - ADDED ENTRY--CORPORATE NAME
Corporate name or jurisdiction name as entry element United Nations Development Programme
942 ## - ADDED ENTRY ELEMENTS (KOHA)
Koha item type សៀវភៅភាសាអង់គ្លេស
952 ## - LOCATION AND ITEM INFORMATION (KOHA)
Withdrawn status [LOCAL, KOHA] 0
Holdings
Permanent Location Date acquired Koha item type Lost status Shelving location Barcode Current Location Full call number
Library Block A2017-10-10សៀវភៅភាសាអង់គ្លេស A066A17381Library Block A362 UNI 1997 A066 Or.
មជ្ឈមណ្ឌលឯការនៃសាកលវិទ្យាល័យភូមិន្ទកសិកម្មចំការដូង

Powered by Koha